000
00209 a2200097 4500
001
2318
100
_a
Ferri, A
245
_a
Progress in Aeronautical Sciences
260
_a
_b
Macmillan
_c
090
_c
1679
_d
1679
942
_a
NUST-CAE
_c
M
_c
7546
999
_c
237391
_d
237391